ბათუმის შოთა რუსთაველის სახელმწიფო უნივერსიტეტის ბიბლიოთეკა

Public relations : (ბიბ.ჩანაწერი № 39303)

000 -LEADER
fixed length control field 00718nam a2200229Ia 4500
001 - CONTROL NUMBER
control field 5889
003 - CONTROL NUMBER IDENTIFIER
control field GE_BSU
005 - DATE AND TIME OF LATEST TRANSACTION
control field 20221116105400.0
008 - FIXED-LENGTH DATA ELEMENTS--GENERAL INFORMATION
fixed length control field 181216s2004||||enk|||||||||||||| ||eng||
020 ## - INTERNATIONAL STANDARD BOOK NUMBER
International Standard Book Number 0324203047 x
040 ## - CATALOGING SOURCE
Transcribing agency GE_BSU
080 ## - UNIVERSAL DECIMAL CLASSIFICATION NUMBER
Universal Decimal Classification number 316.472.4+316.32 M-29
100 ## - MAIN ENTRY--PERSONAL NAME
Personal name Marconi joe.
9 (RLIN) 692
245 ## - TITLE STATEMENT
Title Public relations :
Remainder of title The complete guide /
Statement of responsibility, etc. Marconi joe ; Edition-in chief Dave staut.
264 ## - PRODUCTION, PUBLICATION, DISTRIBUTION, MANUFACTURE, AND COPYRIGHT NOTICE
Place of production, publication, distribution, manufacture America :
Name of producer, publisher, distributor, manufacturer Marketing association ;
Date of production, publication, distribution, manufacture, or copyright notice 2004.
300 ## - PHYSICAL DESCRIPTION
Extent 386p. ;
Dimensions 23 cm.
653 ## - INDEX TERM--UNCONTROLLED
keyword Public
653 ## - INDEX TERM--UNCONTROLLED
keyword საზოგადოებასთან ურთიერთობა
700 ## - ADDED ENTRY--PERSONAL NAME
Personal name Dave, staut
Relator term რედაქტორი
9 (RLIN) 4996
942 ## - ADDED ENTRY ELEMENTS (KOHA)
Koha item type წიგნი
Source of classification or shelving scheme
ეგზემპლარები
Withdrawn status Lost status Source of classification or shelving scheme Damaged status Not for loan Permanent Location Current Location Shelving location Date acquired Cost, normal purchase price Full call number Barcode Date last seen Copy number Price effective from Koha item type Public note
          ბათუმის შოთა რუსთაველის სახელმწიფო უნივერსიტეტის მთავარი ბიბლიოთეკა ბათუმის შოთა რუსთაველის სახელმწიფო უნივერსიტეტის მთავარი ბიბლიოთეკა წიგნსაცავი 2018-12-17 205.00 316.472.4+316.32 M-29 14239 2018-12-17 14239 2018-12-17 წიგნი 205.00 Gel.